02120nam a2200289Ia 450000500170000000800410001704000530005804100080011124500540011926000480017330000390022150005350026050803010079551102430109654600870133958600760142665000200150265000560152265000240157865000480160265000170165070000300166771000150169771000150171271000140172785600890174120140410171923.0130821s1998 br g q mlpor d aCO-BoUCMbspacOscar Anaya (modificó)d[Nuevo] apor00aCentral do BrasilcWalter Salles, directorh[DVD] aRío de Janeiro (Brasil)bBahiatursac1998 a1 DVD, 111 minutosbimagen, sonido aSINOPSIS: Dora, una mujer madura que vive de las pequeñas estafas que realiza fingiendo escribir cartas de encargo, se ve obligada a hacerse cargo de un niño, cuya madre muere atropellada en la misma puerta de la estación Central de Río de Janeiro. Tras una intentona fallida de deshacerse del pequeño, Dora será la encargada de acompañarle por todo Brasil al encuentro de su padre. Las experiencias que acumulan a lo largo de días y kilómetros de penurias les unirán en una relación de afecto muy particular aCRÉDITOS: Dirigida por Walter Salles ; escrita por Marcos Bernstein y João Emanuel Carneiro ; música por Jaques Morelenbaum y Antonio Pinto ; fotografía por Walter Carvalho ; diseño de producción por Cassio Amarante ; vestuario por Cristina Camargo ; maquillaje por Antoine Garabedian1 aREPARTO: Fernanda Montenegro (Dora), Marilia Pera (Irene), Vinicius de Oliveira (Josué), Soia Lira (Ana), Othon Bastos (César), Otavio Augusto (Pedrao), Stela Freitas (Yolanda), Matheus Nachtergaele (Isaias), Caio Junqueira (Moisés) aAudio en Portugués. Subtítulos en Portugués, Inglés, Español y Francés aGanadora de un premio Golden Globes, 1999 (mejor película extranjera)04aEntretenimiento04aFamiliaxCondiciones socioeconómicaszBrasilvDVD04aPadres e hijosvDVD04aPelículas cinematográficaszBrasilvDVD04aSociología1 aSalles, Walter edirector2 aBahiatursa2 aFulmitrens2 aTelebahia04uhttp://www.youtube.com/watch?v=JSWgOhRjJmozSiga este vínculo para ver el trailer.